000 00811nam a2200217Ia 4500
003 GCL
008 140319s9999 xx 000 0 ara d
040 _aGCL /
_cGCL
082 0 4 _a327.1
_bع ح
100 1 _aعلى ناصر كنانة
245 1 0 _aحفاة العولمة :
_bقراءة نقدية لقضايا الواقع العربى /
_cعلى ناصر كنانة
250 _aالاولى
260 _aبيروت :
_bمؤسسة الرحاب الحديثة ،
_c2004
300 _a301 ص ؛
_c20 سم
650 0 4 _aالاحتلال العسكرى
650 0 4 _aالصراع العربى الاسرائيلى
650 0 4 _aفلسطين - تاريخ - العصر الحديث
650 0 4 _aالعراق - الاحوال السياسية
650 0 4 _aاحتلال العراق
942 _2ddc
_cBK
999 _c7406
_d7406